Etika v 21. století sborník vybraných příspěvků z 2. ročníku mezinárodní vědecké konference, 23. - 24. 6. 2022, České Budějovice

Salvato in:
Dettagli Bibliografici
Ente Autore: Etika v 21. století. Mezinárodní vědecká konference
Natura: Libro
Lingua:ceco
inglese
slovacco
Pubblicazione: České Budějovice Jihočeská univerzita v Českých Budějovicích 2022
Edizione:1. vydání
Soggetti:
Tags: Aggiungi Tag
Nessun Tag, puoi essere il primo ad aggiungerne!!

MARC

LEADER 00000nam a2200000 4500
001 0289799
005 20240822101720.5
020 |a 978-80-7394-939-6 
041 0 |a cze 
041 0 |a eng 
041 0 |a slo 
044 |a CZ 
245 1 0 |a Etika v 21. století  |b sborník vybraných příspěvků z 2. ročníku mezinárodní vědecké konference, 23. - 24. 6. 2022, České Budějovice 
250 |a 1. vydání 
264 1 |a České Budějovice  |b Jihočeská univerzita v Českých Budějovicích  |c 2022 
300 |a 91 s. 
610 2 0 |a etika 
610 2 0 |a účtovníctvo 
610 2 0 |a riadenie rizík 
610 2 0 |a spoločnosť informačná 
110 2 |a Etika v 21. století. Mezinárodní vědecká konference